[Event "Campeonato España Sub 10"]
[Site "Salobreña"]
[Date "2017.07.07"]
[Round "8"]
[White "Hernandez Hurtado, Jose Carlos"]
[Black "Garcia Prada, Guillermo"]
[Result "0-1"]
[Board "14"]
[WhiteClock "1:30"]
[WhiteElo "1234"]
[WhiteCountry "ESP"]
[WhiteFideId "32096305"]
[WhiteEloChange "-6"]
[BlackClock "1:30"]
[BlackElo "1401"]
[BlackCountry "ESP"]
[BlackFideId "24547131"]
[BlackEloChange "6"]

1. e4 {[%clk 1:30:00]} c5 {[%clk 1:30:00]} 2. Nf3 {[%clk 1:31:00]} e6 {[%clk
1:30:00]} 3. d4 {[%clk 1:30:00]} d5 {[%clk 1:31:00]} 4. Nc3 {[%clk 1:29:00]} Nc6
{[%clk 1:31:00]} 5. Bb5 {[%clk 1:28:00]} a6 {[%clk 1:31:00]} 6. Bxc6+ {[%clk
1:27:00]} bxc6 {[%clk 1:30:00]} 7. O-O {[%clk 1:26:32]} Nf6 {[%clk 1:27:00]} 8.
e5 {[%clk 1:24:00]} Nd7 {[%clk 1:26:28]} 9. Ng5 {[%clk 1:22:00]} Be7 {[%clk
1:24:00]} 10. Qh5 {[%clk 1:21:29]} Bxg5 {[%clk 1:22:00]} 11. Bxg5 {[%clk
1:19:59]} Qc7 {[%clk 1:20:00]} 12. Be3 {[%clk 1:21:00]} cxd4 {[%clk 1:18:00]} 13.
Bxd4 {[%clk 1:20:29]} c5 {[%clk 1:17:31]} 14. Nxd5 {[%clk 1:20:00]} exd5 {[%clk
1:17:31]} 15. e6 {[%clk 1:20:00]} Nf6 {[%clk 1:09:00]} 16. exf7+ {[%clk 1:19:00]}
Qxf7 {[%clk 1:08:00]} 17. Rfe1+ {[%clk 1:19:00]} Kf8 {[%clk 1:06:30]} 18. Bxc5+
{[%clk 1:20:00]} Kg8 {[%clk 1:06:30]} 19. Qxf7+ {[%clk 1:14:00]} Kxf7 {[%clk
1:07:00]} 20. Re7+ {[%clk 1:15:00]} Kg6 {[%clk 1:04:00]} 21. Rae1 {[%clk
1:13:00]} Bf5 {[%clk 1:04:00]} 22. R1e3 {[%clk 1:12:29]} Rhe8 {[%clk 1:02:00]}
23. Rg3+ {[%clk 1:12:29]} Kh5 {[%clk 1:02:00]} 24. Bb4 {[%clk 1:11:00]} Rxe7
{[%clk 1:01:30]} 25. Bxe7 {[%clk 1:12:00]} Bg6 {[%clk 1:00:00]} 26. Rh3+ {[%clk
1:13:00]} Kg5 {[%clk 0:52:31]} 27. Rg3+ {[%clk 1:13:00]} Kf5 {[%clk 0:52:31]} 28.
Rf3+ {[%clk 1:12:30]} Ke6 {[%clk 0:59:00]} 29. Re3+ {[%clk 1:12:30]} Kf7 {[%clk
0:59:00]} 30. Bc5 {[%clk 1:12:30]} Re8 {[%clk 0:59:00]} 31. Rxe8 {[%clk 1:12:30]}
Kxe8 {[%clk 0:59:00]} 32. c3 {[%clk 1:14:00]} Bb1 {[%clk 0:55:30]} 33. a3 {[%clk
1:14:00]} g6 {[%clk 0:55:30]} 34. b4 {[%clk 1:13:00]} Bd3 {[%clk 0:55:30]} 35. f3
{[%clk 1:14:00]} Kd7 {[%clk 0:55:00]} 36. Kf2 {[%clk 1:14:00]} Kc6 {[%clk
0:58:00]} 37. Ke3 {[%clk 1:12:00]} Bc4 {[%clk 0:57:00]} 38. Kf4 {[%clk 1:12:00]}
Kb5 {[%clk 0:57:00]} 39. Kg5 {[%clk 1:11:00]} Ng8 {[%clk 0:54:00]} 40. Kf4 {[%clk
1:12:00]} Kc6 {[%clk 0:52:35]} 41. Ke5 {[%clk 1:11:00]} Kd7 {[%clk 0:44:02]} 42.
Kd4 {[%clk 1:11:00]} Ke6 {[%clk 0:44:02]} 43. g4 {[%clk 1:11:00]} Nf6 {[%clk
0:43:36]} 44. h3 {[%clk 1:12:00]} Bb3 {[%clk 0:43:36]} 45. Bb6 {[%clk 1:12:00]}
Nd7 {[%clk 0:43:36]} 46. Ba5 {[%clk 1:12:00]} Ne5 {[%clk 0:43:36]} 47. Ke3 {[%clk
1:12:00]} Nc4+ {[%clk 0:53:00]} 48. Kd4 {[%clk 1:12:00]} Nxa3 {[%clk 0:53:00]}
49. Kc5 {[%clk 1:12:00]} Bc4 {[%clk 0:53:00]} 50. f4 {[%clk 1:12:00]} Nb1 {[%clk
0:53:00]} 51. Kd4 {[%clk 1:13:00]} Nd2 {[%clk 0:53:00]} 52. Ke3 {[%clk 1:13:00]}
Ne4 {[%clk 0:53:00]} 53. Kf3 {[%clk 1:13:00]} Nxc3 {[%clk 0:53:00]} 54. b5 {[%clk
1:10:26]} Nxb5 {[%clk 0:53:00]} 55. h4 {[%clk 1:10:26]} Bd3 {[%clk 0:53:00]} 56.
Ke3 {[%clk 1:10:26]} Be4 {[%clk 0:53:00]} 57. Bb6 {[%clk 1:10:26]} Nd6 {[%clk
0:53:00]} 58. Kd4 {[%clk 1:10:26]} Bf3 {[%clk 0:53:00]} 59. g5 {[%clk 1:10:26]}
Nf5+ {[%clk 0:53:00]} 60. Kd3 {[%clk 1:10:26]} Nxh4 {[%clk 0:53:00]} 61. Ke3
{[%clk 1:10:26]} Be4 {[%clk 0:40:32]} 62. Kf2 {[%clk 1:10:26]} Nf5 {[%clk
0:40:32]} 63. Ke2 {[%clk 1:10:26]} d4 {[%clk 0:40:32]} 64. Kd2 {[%clk 1:10:26]}
Kd5 {[%clk 0:40:02]} 65. Ba5 {[%clk 1:10:26]} Kc4 {[%clk 0:40:02]} 66. Kd1 {[%clk
1:10:26]} d3 {[%clk 0:29:29]} 67. Ke1 {[%clk 1:10:26]} Nd4 {[%clk 0:29:29]} 68.
Kf2 {[%clk 1:10:26]} Ne6 {[%clk 0:24:00]} 69. Ke3 {[%clk 1:10:26]} Bf5 {[%clk
0:07:33]} 70. Kf3 {[%clk 1:08:54]} Kb3 {[%clk 0:07:04]} 71. Ke3 {[%clk 1:08:54]}
Kc2 {[%clk 0:06:34]} 72. Bd2 {[%clk 1:08:54]} Nxf4 {[%clk 0:05:06]} 73. Kxf4
{[%clk 1:08:54]} Kxd2 {[%clk 0:05:06]} 0-1

[Event "Campeonato España Sub 10"]
[Site "Salobreña"]
[Date "2017.07.07"]
[Round "8"]
[White "Valera Espejo, Javier"]
[Black "Domene Mulyukov, Alexander"]
[Result "1/2-1/2"]
[Board "16"]
[WhiteClock "1:30"]
[WhiteElo "1150"]
[WhiteCountry "ESP"]
[WhiteFideId "24538817"]
[WhiteEloChange "5"]
[BlackClock "1:30"]
[BlackElo "1326"]
[BlackCountry "ESP"]
[BlackFideId "24589802"]
[BlackEloChange "-5"]

1. b3 {[%clk 1:30:00]} d5 {[%clk 1:30:00]} 2. Bb2 {[%clk 1:31:00]} Nf6 {[%clk
1:31:00]} 3. e3 {[%clk 1:31:00]} g6 {[%clk 1:31:00]} 4. g3 {[%clk 1:30:30]} Bg7
{[%clk 1:31:00]} 5. Bg2 {[%clk 1:32:00]} c5 {[%clk 1:30:30]} 6. Ne2 {[%clk
1:31:00]} Nc6 {[%clk 1:30:30]} 7. d3 {[%clk 1:23:00]} O-O {[%clk 1:30:30]} 8. Nd2
{[%clk 1:19:00]} Re8 {[%clk 1:30:00]} 9. Rb1 {[%clk 1:16:00]} Bf5 {[%clk
1:29:00]} 10. Nf4 {[%clk 1:05:00]} e5 {[%clk 1:29:00]} 11. Ne2 {[%clk 1:04:00]}
Qd7 {[%clk 1:29:00]} 12. h3 {[%clk 1:02:00]} Re7 {[%clk 1:28:28]} 13. e4 {[%clk
0:59:00]} dxe4 {[%clk 1:28:00]} 14. dxe4 {[%clk 0:59:00]} Be6 {[%clk 1:28:00]}
15. Nf3 {[%clk 0:59:00]} Qxd1+ {[%clk 1:27:28]} 16. Rxd1 {[%clk 0:58:31]} Nxe4
{[%clk 1:27:00]} 17. Nxe5 {[%clk 0:57:00]} Nxf2 {[%clk 1:28:00]} 18. Nxc6 {[%clk
0:56:00]} bxc6 {[%clk 1:28:00]} 19. Bxg7 {[%clk 0:50:00]} Nxh1 {[%clk 1:28:00]}
20. Bf6 {[%clk 0:50:00]} Ree8 {[%clk 1:27:30]} 21. Bxh1 {[%clk 0:45:00]} Rac8
{[%clk 1:26:00]} 22. Rd6 {[%clk 0:42:00]} Bxh3 {[%clk 1:25:00]} 23. Bxc6 {[%clk
0:40:29]} Re6 {[%clk 1:24:00]} 24. Rxe6 {[%clk 0:41:00]} fxe6 {[%clk 1:23:30]}
25. Bd7 {[%clk 0:37:00]} Rf8 {[%clk 1:21:00]} 26. Nf4 {[%clk 0:36:00]} Rxf6
{[%clk 1:19:29]} 27. Nxh3 {[%clk 0:36:00]} e5 {[%clk 1:19:29]} 28. Ke2 {[%clk
0:34:00]} e4 {[%clk 1:19:00]} 29. Ng5 {[%clk 0:33:00]} Ra6 {[%clk 1:19:00]} 30.
a4 {[%clk 0:30:00]} Rd6 {[%clk 1:17:30]} 31. Nxe4 {[%clk 0:29:00]} Rd4 {[%clk
1:17:00]} 32. Nxc5 {[%clk 0:27:28]} Kf7 {[%clk 1:13:00]} 33. c3 {[%clk 0:28:00]}
Rd6 {[%clk 1:12:00]} 34. Ke3 {[%clk 0:28:00]} Ke7 {[%clk 1:11:29]} 35. Bg4 {[%clk
0:27:00]} h5 {[%clk 1:11:29]} 36. Bd7 {[%clk 0:26:00]} Rd5 {[%clk 1:11:00]} 37.
b4 {[%clk 0:23:00]} g5 {[%clk 1:09:00]} 38. Ke4 {[%clk 0:22:30]} Rd6 {[%clk
1:06:26]} 39. Be6 {[%clk 0:22:30]} h4 {[%clk 0:05:59]} 40. Kf3 {[%clk 0:22:30]}
hxg3 {[%clk 0:05:59]} 41. Kxg3 {[%clk 0:22:30]} Rb6 {[%clk 0:05:59]} 42. Kg4
{[%clk 0:22:30]} Rd6 {[%clk 0:05:59]} 43. Kxg5 {[%clk 0:22:30]} 1/2-1/2

[Event "Campeonato España Sub 10"]
[Site "Salobreña"]
[Date "2017.07.07"]
[Round "8"]
[White "Matesanz de la Fuente, Marcos"]
[Black "Perez Sousa, Xabier"]
[Result "1/2-1/2"]
[Board "17"]
[WhiteClock "1:30"]
[WhiteElo "1127"]
[WhiteCountry "ESP"]
[WhiteFideId "24575518"]
[WhiteEloChange "5"]
[BlackClock "1:30"]
[BlackElo "1323"]
[BlackCountry "ESP"]
[BlackFideId "24597040"]
[BlackEloChange "-5"]

1. d4 {[%clk 1:30:00]} Nf6 {[%clk 1:30:00]} 2. e3 {[%clk 1:31:00]} g6 {[%clk
1:29:30]} 3. g3 {[%clk 1:31:00]} Bg7 {[%clk 1:29:00]} 4. Bg2 {[%clk 1:29:28]} O-O
{[%clk 1:28:00]} 5. Ne2 {[%clk 1:27:59]} c5 {[%clk 1:28:00]} 6. O-O {[%clk
1:29:00]} cxd4 {[%clk 1:27:00]} 7. exd4 {[%clk 1:27:00]} Nc6 {[%clk 1:25:00]} 8.
b3 {[%clk 1:26:00]} d6 {[%clk 1:24:00]} 9. Bb2 {[%clk 1:25:00]} Bd7 {[%clk
1:23:00]} 10. c4 {[%clk 1:23:00]} Rc8 {[%clk 1:18:00]} 11. Na3 {[%clk 1:21:00]}
Qa5 {[%clk 1:15:00]} 12. Nc2 {[%clk 1:18:00]} b5 {[%clk 1:11:00]} 13. Bc3 {[%clk
1:17:00]} Qb6 {[%clk 1:09:00]} 14. Rb1 {[%clk 1:13:00]} bxc4 {[%clk 1:06:00]} 15.
bxc4 {[%clk 1:12:00]} Qa6 {[%clk 1:05:00]} 16. Ne3 {[%clk 1:10:00]} Na5 {[%clk
1:04:00]} 17. Qc1 {[%clk 1:08:00]} Nxc4 {[%clk 1:03:00]} 18. Bb7 {[%clk 1:08:00]}
Qa3 {[%clk 1:02:00]} 19. Bxc8 {[%clk 1:07:00]} Qxc1 {[%clk 1:02:00]} 20. Rbxc1
{[%clk 1:07:00]} Nxe3 {[%clk 1:01:00]} 21. fxe3 {[%clk 1:07:00]} Rxc8 {[%clk
1:01:00]} 22. Ba5 {[%clk 1:06:00]} Rb8 {[%clk 0:59:00]} 23. Rc7 {[%clk 1:05:30]}
Rb2 {[%clk 0:58:28]} 24. Nc3 {[%clk 1:05:30]} Bh3 {[%clk 0:58:00]} 25. Rf2 {[%clk
1:05:00]} Rb8 {[%clk 0:56:00]} 26. Rxe7 {[%clk 1:04:29]} Bd7 {[%clk 0:55:00]} 27.
Rxf6 {[%clk 1:01:00]} Bxf6 {[%clk 0:55:00]} 28. Rxd7 {[%clk 1:02:00]} Re8 {[%clk
0:54:00]} 29. Rxd6 {[%clk 1:00:00]} Bg5 {[%clk 0:53:29]} 30. e4 {[%clk 0:59:29]}
Bd2 {[%clk 0:52:00]} 31. e5 {[%clk 0:59:00]} Rc8 {[%clk 0:50:30]} 32. Nd5 {[%clk
0:57:00]} Rc1+ {[%clk 0:51:00]} 33. Kg2 {[%clk 0:55:23]} Bxa5 {[%clk 0:51:00]}
34. Ne3 {[%clk 0:56:00]} Rc3 {[%clk 0:49:00]} 35. Ra6 {[%clk 0:55:00]} Bb6 {[%clk
0:48:30]} 36. Nd5 {[%clk 0:53:30]} Rc2+ {[%clk 0:48:30]} 37. Kh3 {[%clk 0:53:30]}
Bxd4 {[%clk 0:48:30]} 38. Nb4 {[%clk 0:56:00]} Rb2 {[%clk 0:47:00]} 39. Nc6
{[%clk 0:55:25]} Bg1 {[%clk 0:47:00]} 40. Nxa7 {[%clk 0:55:00]} Rxh2+ {[%clk
0:46:00]} 41. Kg4 {[%clk 0:56:00]} h5+ {[%clk 0:46:00]} 42. Kf3 {[%clk 0:54:35]}
Rf2+ {[%clk 0:46:00]} 43. Ke4 {[%clk 0:54:35]} Kg7 {[%clk 0:44:00]} 44. Nb5
{[%clk 0:55:00]} f5+ {[%clk 0:43:00]} 45. exf6+ {[%clk 0:54:00]} Rxf6 {[%clk
0:44:00]} 46. Rxf6 {[%clk 0:53:30]} Kxf6 {[%clk 0:44:00]} 47. a4 {[%clk 0:53:30]}
Bb6 {[%clk 0:42:28]} 48. Nc3 {[%clk 0:53:30]} Ba5 {[%clk 0:43:00]} 49. Nb5 {[%clk
0:53:30]} Kg5 {[%clk 0:42:30]} 50. Kf3 {[%clk 0:53:30]} Kf6 {[%clk 0:39:00]} 51.
Nd4 {[%clk 0:53:30]} g5 {[%clk 0:38:30]} 52. Nc6 {[%clk 0:55:00]} g4+ {[%clk
0:38:00]} 53. Kg2 {[%clk 0:55:00]} Bc7 {[%clk 0:37:27]} 54. a5 {[%clk 0:55:00]}
Ke6 {[%clk 0:37:00]} 55. a6 {[%clk 0:56:00]} Bb6 {[%clk 0:37:00]} 56. a7 {[%clk
0:56:00]} Bxa7 {[%clk 0:38:00]} 57. Nxa7 {[%clk 0:56:00]} Kf5 {[%clk 0:38:00]}
58. Nc6 {[%clk 0:55:28]} Kg5 {[%clk 0:38:00]} 59. Nd8 {[%clk 0:54:59]} h4 {[%clk
0:38:00]} 60. Ne6+ {[%clk 0:54:59]} Kf6 {[%clk 0:37:29]} 61. Nf4 {[%clk 0:55:00]}
h3+ {[%clk 0:37:00]} 62. Nxh3 {[%clk 0:55:00]} gxh3+ {[%clk 0:37:00]} 63. Kxh3
{[%clk 0:56:00]} Kg5 {[%clk 0:37:00]} 64. g4 {[%clk 0:56:00]} Kg6 {[%clk
0:37:00]} 65. Kh4 {[%clk 0:55:29]} Kh6 {[%clk 0:37:00]} 66. g5+ {[%clk 0:57:00]}
Kg6 {[%clk 0:38:00]} 67. Kg4 {[%clk 0:57:00]} Kg7 {[%clk 0:57:00]} 1/2-1/2

[Event "Campeonato España Sub 10"]
[Site "Salobreña"]
[Date "2017.07.07"]
[Round "8"]
[White "Otero Campos, Sofia"]
[Black "Moles Benali, Joan"]
[Result "1-0"]
[Board "18"]
[WhiteClock "1:30"]
[WhiteElo "1053"]
[WhiteCountry "ESP"]
[WhiteFideId "24560120"]
[WhiteEloChange "16"]
[BlackClock "1:30"]
[BlackElo "1310"]
[BlackCountry "ESP"]
[BlackFideId "24560553"]
[BlackEloChange "-16"]

1. d4 {[%clk 1:30:00]} Nf6 {[%clk 1:30:00]} 2. Bg5 {[%clk 1:30:00]} g6 {[%clk
1:29:30]} 3. Bxf6 {[%clk 1:29:30]} exf6 {[%clk 1:31:00]} 4. Nf3 {[%clk 1:29:30]}
d5 {[%clk 1:30:00]} 5. e3 {[%clk 1:29:30]} Be6 {[%clk 1:27:00]} 6. Be2 {[%clk
1:28:00]} Bg7 {[%clk 1:27:00]} 7. Nbd2 {[%clk 1:27:00]} O-O {[%clk 1:26:30]} 8.
O-O {[%clk 1:27:00]} Nd7 {[%clk 1:26:00]} 9. c4 {[%clk 1:24:00]} dxc4 {[%clk
1:25:28]} 10. Nxc4 {[%clk 1:23:31]} Nb6 {[%clk 1:25:28]} 11. Ncd2 {[%clk
1:19:00]} f5 {[%clk 1:23:00]} 12. Rc1 {[%clk 1:12:00]} f4 {[%clk 1:18:00]} 13.
exf4 {[%clk 1:07:00]} Bxd4 {[%clk 1:14:00]} 14. Nc4 {[%clk 1:00:00]} Bg7 {[%clk
1:07:00]} 15. Nxb6 {[%clk 0:53:00]} axb6 {[%clk 1:07:00]} 16. Qxd8 {[%clk
0:50:00]} Rfxd8 {[%clk 1:05:00]} 17. Rxc7 {[%clk 0:49:00]} Rxa2 {[%clk 1:05:00]}
18. Rxb7 {[%clk 0:48:30]} Rxb2 {[%clk 1:06:00]} 19. Ba6 {[%clk 0:47:00]} Bc8
{[%clk 1:01:00]} 20. Rb8 {[%clk 0:43:00]} Rc2 {[%clk 1:00:00]} 21. Rxb6 {[%clk
0:40:00]} Bg4 {[%clk 0:58:28]} 22. Ne5 {[%clk 0:35:00]} Be6 {[%clk 0:58:00]} 23.
h3 {[%clk 0:31:00]} Bh6 {[%clk 0:57:00]} 24. Nc6 {[%clk 0:28:00]} Rd6 {[%clk
0:57:00]} 25. Ne7+ {[%clk 0:28:00]} Kf8 {[%clk 0:55:35]} 26. Nxg6+ {[%clk
0:27:00]} hxg6 {[%clk 0:55:35]} 27. Rxd6 {[%clk 0:28:00]} Bxf4 {[%clk 0:58:00]}
28. Rd4 {[%clk 0:27:00]} Be5 {[%clk 0:58:00]} 29. Re4 {[%clk 0:26:00]} Bg3 {[%clk
0:57:00]} 30. fxg3 {[%clk 0:21:00]} Bd5 {[%clk 0:56:30]} 31. Re2 {[%clk 0:21:00]}
Rc3 {[%clk 0:58:00]} 32. Kh2 {[%clk 0:20:30]} Ra3 {[%clk 0:57:29]} 33. Rd2 {[%clk
0:20:00]} Bc6 {[%clk 0:57:29]} 34. Bc4 {[%clk 0:20:00]} Kg7 {[%clk 0:57:29]} 35.
Rxf7+ {[%clk 0:21:00]} Kh6 {[%clk 0:57:29]} 36. Rd6 {[%clk 0:20:00]} Ba8 {[%clk
0:57:00]} 37. Bd3 {[%clk 0:19:20]} Kh5 {[%clk 0:56:00]} 38. g4+ {[%clk 0:18:47]}
Kg5 {[%clk 0:56:00]} 39. Rxg6+ {[%clk 0:18:47]} 1-0

[Event "Campeonato España Sub 10"]
[Site "Salobreña"]
[Date "2017.07.08"]
[Round "9"]
[White "Fuertes Cirauqui, Pablo"]
[Black "Ano Pla, Gerard"]
[Result "1-0"]
[Board "1"]
[WhiteClock "1:30"]
[WhiteElo "1415"]
[WhiteCountry "ESP"]
[WhiteFideId "24513598"]
[WhiteEloChange "17"]
[BlackClock "1:30"]
[BlackElo "1741"]
[BlackCountry "ESP"]
[BlackFideId "24560561"]
[BlackEloChange "-17"]

1. e4 {[%clk 1:30:00]} d5 {[%clk 1:29:00]} 2. exd5 {[%clk 1:31:00]} Qxd5 {[%clk
1:29:00]} 3. Nc3 {[%clk 1:31:00]} Qa5 {[%clk 1:28:00]} 4. Bc4 {[%clk 1:30:30]}
Nf6 {[%clk 1:26:00]} 5. d3 {[%clk 1:29:59]} c6 {[%clk 1:25:00]} 6. Bd2 {[%clk
1:29:59]} Qc7 {[%clk 1:24:30]} 7. Qe2 {[%clk 1:30:00]} Bg4 {[%clk 1:22:00]} 8. f3
{[%clk 1:30:00]} Bf5 {[%clk 1:21:30]} 9. g4 {[%clk 1:30:00]} Bg6 {[%clk 1:04:00]}
10. h4 {[%clk 1:30:00]} h6 {[%clk 1:02:00]} 11. Nh3 {[%clk 1:28:00]} e6 {[%clk
0:51:00]} 12. Nf4 {[%clk 1:29:00]} Bh7 {[%clk 0:47:00]} 13. g5 {[%clk 1:28:30]}
Nfd7 {[%clk 0:41:00]} 14. O-O-O {[%clk 1:24:00]} Bf5 {[%clk 0:33:00]} 15. Rde1
{[%clk 1:20:00]} Be7 {[%clk 0:28:00]} 16. g6 {[%clk 1:17:00]} O-O {[%clk
0:19:28]} 17. gxf7+ {[%clk 1:16:30]} Rxf7 {[%clk 0:19:08]} 18. Nxe6 {[%clk
1:16:30]} Bxe6 {[%clk 0:14:23]} 19. Qxe6 {[%clk 1:16:30]} 1-0

[Event "Campeonato España Sub 10"]
[Site "Salobreña"]
[Date "2017.07.08"]
[Round "9"]
[White "Habans Aguerrea, Javier"]
[Black "Del Prado Rodriguez, Xulio"]
[Result "1-0"]
[Board "2"]
[WhiteClock "1:30"]
[WhiteElo "1676"]
[WhiteCountry "ESP"]
[WhiteFideId "24524689"]
[WhiteEloChange "4"]
[BlackClock "1:30"]
[BlackElo "1444"]
[BlackCountry "ESP"]
[BlackFideId "24544418"]
[BlackEloChange "-4"]

1. d4 {[%clk 1:30:00]} d5 {[%clk 1:30:00]} 2. Nf3 {[%clk 1:30:00]} Nf6 {[%clk
1:28:30]} 3. e3 {[%clk 1:31:00]} c6 {[%clk 1:28:30]} 4. c4 {[%clk 1:30:00]} e6
{[%clk 1:29:00]} 5. Nc3 {[%clk 1:30:00]} Be7 {[%clk 1:28:30]} 6. Bd3 {[%clk
1:30:00]} dxc4 {[%clk 1:30:00]} 7. Bxc4 {[%clk 1:29:00]} b5 {[%clk 1:30:00]} 8.
Bd3 {[%clk 1:28:30]} O-O {[%clk 1:30:00]} 9. O-O {[%clk 1:28:30]} Bb7 {[%clk
1:29:29]} 10. Qe2 {[%clk 1:28:00]} a6 {[%clk 1:29:29]} 11. Rd1 {[%clk 1:28:00]}
Nbd7 {[%clk 1:28:58]} 12. e4 {[%clk 1:26:00]} Qc7 {[%clk 1:29:00]} 13. e5 {[%clk
1:25:00]} Nd5 {[%clk 1:28:29]} 14. Qe4 {[%clk 1:24:30]} g6 {[%clk 1:28:00]} 15.
Bg5 {[%clk 1:24:00]} Rfe8 {[%clk 1:25:00]} 16. Nxd5 {[%clk 1:24:00]} cxd5 {[%clk
1:24:00]} 17. Qh4 {[%clk 1:24:00]} Nf8 {[%clk 1:23:29]} 18. Bf6 {[%clk 1:22:30]}
Bxf6 {[%clk 1:20:00]} 19. exf6 {[%clk 1:22:00]} Qd8 {[%clk 1:20:00]} 20. g4
{[%clk 1:22:00]} h6 {[%clk 1:19:00]} 21. Ne5 {[%clk 1:23:00]} Nh7 {[%clk
1:14:00]} 22. Nxf7 {[%clk 1:21:00]} Qxf6 {[%clk 1:09:00]} 23. Qxf6 {[%clk
1:20:29]} Nxf6 {[%clk 1:09:00]} 24. Nxh6+ {[%clk 1:20:00]} Kg7 {[%clk 1:10:00]}
25. g5 {[%clk 1:21:00]} Nh7 {[%clk 1:09:29]} 26. f4 {[%clk 1:20:00]} Rac8 {[%clk
1:08:00]} 27. Rac1 {[%clk 1:17:29]} Rf8 {[%clk 1:07:00]} 28. Rxc8 {[%clk
1:19:00]} Rxc8 {[%clk 1:06:00]} 29. Re1 {[%clk 1:19:00]} Nf8 {[%clk 1:05:00]} 30.
Ng4 {[%clk 1:20:00]} Re8 {[%clk 1:04:00]} 31. Nf6 {[%clk 1:19:00]} Re7 {[%clk
1:04:00]} 32. h4 {[%clk 1:19:00]} Nh7 {[%clk 1:03:29]} 33. Nxh7 {[%clk 1:20:00]}
Kxh7 {[%clk 1:03:29]} 34. h5 {[%clk 1:19:30]} Bc8 {[%clk 1:03:00]} 35. Bxg6+
{[%clk 1:19:30]} Kg7 {[%clk 1:03:00]} 36. f5 {[%clk 1:19:30]} Kg8 {[%clk
1:03:00]} 37. f6 {[%clk 1:21:00]} Rc7 {[%clk 1:02:30]} 38. h6 {[%clk 1:21:00]} a5
{[%clk 1:02:30]} 39. Rf1 {[%clk 1:20:30]} a4 {[%clk 1:02:30]} 40. f7+ {[%clk
1:20:30]} Kf8 {[%clk 1:02:00]} 41. h7 {[%clk 1:20:30]} 1-0

[Event "Campeonato España Sub 10"]
[Site "Salobreña"]
[Date "2017.07.08"]
[Round "9"]
[White "Rodriguez Lopez, Sergio"]
[Black "Macias Pino, Diego"]
[Result "0-1"]
[Board "3"]
[WhiteClock "1:30"]
[WhiteElo "1376"]
[WhiteCountry "ESP"]
[WhiteFideId "24504777"]
[WhiteEloChange "-2"]
[BlackClock "1:30"]
[BlackElo "1732"]
[BlackCountry "ESP"]
[BlackFideId "24529133"]
[BlackEloChange "2"]

1. e4 {[%clk 1:30:00]} d5 {[%clk 1:30:00]} 2. exd5 {[%clk 1:31:00]} Qxd5 {[%clk
1:30:00]} 3. Nf3 {[%clk 1:29:30]} Nf6 {[%clk 1:30:00]} 4. Be2 {[%clk 1:30:00]} c6
{[%clk 1:28:00]} 5. O-O {[%clk 1:29:00]} Bf5 {[%clk 1:27:00]} 6. d4 {[%clk
1:28:30]} e6 {[%clk 1:24:00]} 7. c4 {[%clk 1:28:30]} Qd8 {[%clk 1:25:00]} 8. Nc3
{[%clk 1:28:30]} Bd6 {[%clk 1:22:00]} 9. c5 {[%clk 1:27:00]} Bc7 {[%clk 1:21:30]}
10. Ne5 {[%clk 1:27:00]} Nbd7 {[%clk 1:20:59]} 11. Bf4 {[%clk 1:27:00]} O-O
{[%clk 1:19:00]} 12. Nxd7 {[%clk 1:23:00]} Nxd7 {[%clk 1:18:00]} 13. Bxc7 {[%clk
1:22:30]} Qxc7 {[%clk 1:18:00]} 14. Bd3 {[%clk 1:22:00]} Bxd3 {[%clk 1:16:00]}
15. Qxd3 {[%clk 1:23:00]} Rfd8 {[%clk 1:16:00]} 16. Ne4 {[%clk 1:22:29]} Ne5
{[%clk 1:11:00]} 17. Qc3 {[%clk 1:22:00]} Ng4 {[%clk 1:10:00]} 18. Nd6 {[%clk
1:20:00]} Nf6 {[%clk 1:09:00]} 19. Qb3 {[%clk 1:16:00]} Rab8 {[%clk 1:08:30]} 20.
Qa4 {[%clk 1:16:00]} b5 {[%clk 1:08:00]} 21. Qa3 {[%clk 1:14:00]} a5 {[%clk
1:05:29]} 22. Qg3 {[%clk 1:14:00]} Nd5 {[%clk 1:07:00]} 23. f4 {[%clk 1:09:00]}
Qe7 {[%clk 1:06:30]} 24. Rae1 {[%clk 1:08:00]} Qf6 {[%clk 1:06:00]} 25. Re5
{[%clk 1:07:00]} Ne7 {[%clk 0:59:00]} 26. Qg5 {[%clk 1:06:30]} Qxg5 {[%clk
0:58:00]} 27. fxg5 {[%clk 1:06:00]} Rf8 {[%clk 0:55:00]} 28. Re3 {[%clk 1:05:29]}
Nc8 {[%clk 0:54:00]} 29. Ne4 {[%clk 1:05:00]} Rb7 {[%clk 0:53:29]} 30. Ref3
{[%clk 1:04:30]} Rd8 {[%clk 0:53:00]} 31. Rd1 {[%clk 1:04:00]} Rd5 {[%clk
0:53:00]} 32. Kf2 {[%clk 1:00:00]} Rbd7 {[%clk 0:52:00]} 33. Ke3 {[%clk 0:59:30]}
e5 {[%clk 0:49:00]} 34. Rf5 {[%clk 0:56:00]} Ne7 {[%clk 0:47:00]} 35. Rf3 {[%clk
0:55:29]} exd4+ {[%clk 0:47:00]} 36. Kd3 {[%clk 0:54:59]} Ng6 {[%clk 0:46:30]}
37. Kd2 {[%clk 0:55:00]} Ne5 {[%clk 0:46:00]} 38. Rf2 {[%clk 0:54:00]} d3 {[%clk
0:45:00]} 39. b3 {[%clk 0:53:29]} Re7 {[%clk 0:41:00]} 40. Rf4 {[%clk 0:52:00]}
Nd7 {[%clk 0:39:00]} 41. Rc1 {[%clk 0:52:00]} b4 {[%clk 0:37:00]} 42. Rc4 {[%clk
0:51:00]} Ne5 {[%clk 0:35:00]} 43. Rc1 {[%clk 0:51:00]} Ng6 {[%clk 0:36:00]} 44.
Rg4 {[%clk 0:50:29]} Kf8 {[%clk 0:36:00]} 45. Re1 {[%clk 0:50:00]} Ne5 {[%clk
0:35:00]} 46. Rf4 {[%clk 0:49:29]} Nd7 {[%clk 0:34:30]} 47. Rc1 {[%clk 0:49:29]}
Kg8 {[%clk 0:30:00]} 48. Re1 {[%clk 0:48:00]} Ree5 {[%clk 0:29:00]} 49. Ref1
{[%clk 0:47:00]} Re7 {[%clk 0:28:00]} 50. Rc1 {[%clk 0:46:00]} Ne5 {[%clk
0:27:29]} 51. Re1 {[%clk 0:44:00]} Ng6 {[%clk 0:26:59]} 52. Rg4 {[%clk 0:44:00]}
Kf8 {[%clk 0:26:30]} 53. Re3 {[%clk 0:43:00]} a4 {[%clk 0:25:00]} 54. Rxd3 {[%clk
0:42:00]} Rxd3+ {[%clk 0:25:00]} 55. Kc2 {[%clk 0:41:29]} axb3+ {[%clk 0:26:00]}
56. axb3 {[%clk 0:41:00]} Rd4 {[%clk 0:26:00]} 0-1